000 00933nam a22002777a 4500
001 10010
003 FISKH
005 20260327093628.0
008 260327b cb ||||| |||| 00| 0 eng d
020 _a9780805067071
040 _aFISKH
_beng
_cFISKH
_dFISKH
050 _aPZ7 .K15745 .O
082 _a306.8
100 _aKatz, Karen
_eAuthor
245 _aOver the moon :
_bAn adoption tale /
_cWritten and illustrated by Karen Katz
260 _aNew York :
_bHenry Holt and Company ,
_c1997
300 _a30 unnumbered pages :
_bcolor illustrations ;
_c21 x 26 cm
505 _aG
520 _aA loving couple dream of a baby born far away and know that this is the baby they have been waiting to adopt.
521 8 _a350
_bLexile estimate
521 8 _aG
_bRaz-Plus
650 _aAdoption children's book
_vAdoption kit for children
650 _aPicture book
_vBabies
942 _2ddc
_cBK
_n0
999 _c10010
_d10010